<?xml version="1.0" encoding="UTF-8"?>
<collection xmlns="http://www.loc.gov/MARC21/slim">
 <record>
  <leader>01188nam a22002657a 4500</leader>
  <controlfield tag="001">AAL6914</controlfield>
  <controlfield tag="003">BD-DhAAL</controlfield>
  <controlfield tag="005">20190513121651.0</controlfield>
  <controlfield tag="008">160208s    2008bg a|||| |||| 00| 0 ben d</controlfield>
  <datafield tag="999" ind1=" " ind2=" ">
   <subfield code="c">36821</subfield>
   <subfield code="d">36821</subfield>
  </datafield>
  <datafield tag="020" ind1=" " ind2=" ">
   <subfield code="a">9848684646</subfield>
  </datafield>
  <datafield tag="040" ind1=" " ind2=" ">
   <subfield code="a">BD-DhAAL</subfield>
   <subfield code="c">BD-DhAAL</subfield>
  </datafield>
  <datafield tag="082" ind1=" " ind2=" ">
   <subfield code="a">891.4437</subfield>
  </datafield>
  <datafield tag="100" ind1=" " ind2=" ">
   <subfield code="a">আহমেদ, হুমায়ূন</subfield>
   <subfield code="9">17907</subfield>
  </datafield>
  <datafield tag="245" ind1=" " ind2=" ">
   <subfield code="a">হিমু রিমান্ডে /</subfield>
   <subfield code="c">হুমায়ূন আহমেদ</subfield>
  </datafield>
  <datafield tag="246" ind1=" " ind2=" ">
   <subfield code="a">Himu Remande</subfield>
  </datafield>
  <datafield tag="250" ind1=" " ind2=" ">
   <subfield code="a">সপ্তদশ মুদ্রণ ২০১৭</subfield>
  </datafield>
  <datafield tag="260" ind1=" " ind2=" ">
   <subfield code="a">ঢাকা :</subfield>
   <subfield code="b">অন্যপ্রকাশ, </subfield>
   <subfield code="c">২০০৮.</subfield>
  </datafield>
  <datafield tag="300" ind1=" " ind2=" ">
   <subfield code="a">৮৭ পৃ. :</subfield>
   <subfield code="b">চিত্র ;</subfield>
   <subfield code="c">২২ সে.মি.</subfield>
  </datafield>
  <datafield tag="526" ind1=" " ind2=" ">
   <subfield code="a">AAL</subfield>
  </datafield>
  <datafield tag="541" ind1=" " ind2=" ">
   <subfield code="e">6914, 34506</subfield>
  </datafield>
  <datafield tag="650" ind1=" " ind2=" ">
   <subfield code="a">Bengali fiction. </subfield>
   <subfield code="9">17908</subfield>
  </datafield>
  <datafield tag="942" ind1=" " ind2=" ">
   <subfield code="2">ddc</subfield>
   <subfield code="c">BK</subfield>
  </datafield>
  <datafield tag="952" ind1=" " ind2=" ">
   <subfield code="0">0</subfield>
   <subfield code="1">0</subfield>
   <subfield code="2">ddc</subfield>
   <subfield code="4">0</subfield>
   <subfield code="6">891_000000000000000__4437_AHA</subfield>
   <subfield code="7">0</subfield>
   <subfield code="9">57951</subfield>
   <subfield code="a">SCL</subfield>
   <subfield code="b">SCL</subfield>
   <subfield code="c">GEN</subfield>
   <subfield code="d">2016-02-08</subfield>
   <subfield code="g">120.00</subfield>
   <subfield code="l">36</subfield>
   <subfield code="m">47</subfield>
   <subfield code="o">891.4437 AHA</subfield>
   <subfield code="p">3020006914</subfield>
   <subfield code="r">2026-04-06</subfield>
   <subfield code="s">2026-04-05</subfield>
   <subfield code="t">1</subfield>
   <subfield code="w">2016-02-08</subfield>
   <subfield code="y">BK</subfield>
  </datafield>
  <datafield tag="952" ind1=" " ind2=" ">
   <subfield code="0">0</subfield>
   <subfield code="1">0</subfield>
   <subfield code="2">ddc</subfield>
   <subfield code="4">0</subfield>
   <subfield code="6">891_443700000000000_AHM</subfield>
   <subfield code="7">0</subfield>
   <subfield code="9">65458</subfield>
   <subfield code="a">BRACUL</subfield>
   <subfield code="b">BRACUL</subfield>
   <subfield code="c">GEN</subfield>
   <subfield code="d">2019-05-09</subfield>
   <subfield code="e">রকমারি.com</subfield>
   <subfield code="g">186.00</subfield>
   <subfield code="l">18</subfield>
   <subfield code="m">93</subfield>
   <subfield code="o">891.4437 AHM</subfield>
   <subfield code="p">3010034506</subfield>
   <subfield code="r">2025-05-27</subfield>
   <subfield code="s">2024-12-11</subfield>
   <subfield code="t">1</subfield>
   <subfield code="v">186.00</subfield>
   <subfield code="w">2019-05-09</subfield>
   <subfield code="y">BK</subfield>
  </datafield>
 </record>
</collection>
